Demasiados abogados / (Record no. 2820)

000 -CABECERA
fixed length control field 00906nam a22002297a 4500
003 - IDENTIFICADOR DEL NÚMERO DE CONTROL
control field AR-CdUCM
008 - DATOS DE LONGITUD FIJA--INFORMACIÓN GENERAL
fixed length control field 190305b ||||| |||| 00| 0 spa d
040 ## - FUENTE DE LA CATALOGACIÓN
Agencia/entidad que catalogó originalmente la obra MUNICIPALIDAD PROVINCIAL DEL CUSCO
Entidad que transcribió la catalogación BIBLIOTECA MUNICIPAL DEL CUSCO
082 ## - NÚMERO DE LA CLASIFICACIÓN DECIMAL DEWEY
No. de Clasificación 340.7 /
Notacion interna C17
100 ## - ENTRADA PRINCIPAL--NOMBRE DE PERSONA
Nombre Personal Calamandrei, Piero
245 ## - MENCIÓN DE TÍTULO
Título Demasiados abogados /
260 ## - PUBLICACIÓN, DISTRIBUCIÓN, ETC.
Lugar de publicación, distribución, etc. Buenos Aires :
Nombre de la editorial, distribuidor, etc. Ediciones Juridicas Europa-América,
Fecha de publicación, distribución, etc. 1960.
300 ## - DESCRIPCIÓN FÍSICA
Nº de Páginas Extensión 333 páginas ;
Dimensiones 16 cm.
440 ## - MENCIÓN DE SERIE/PUNTO DE ACCESO ADICIONAL--TÍTULO
Título Breviearios de derecho.
Número de la parte/sección de una obra 32
9 (RLIN) 9812
505 ## - NOTA DE CONTENIDO CON FORMATO
Nota de contenido formateada Contenido: Premisas y posición del problema -- El exceso de profesionales de la abogacía en Italia y sus consecuencias-- Las causas del número excesivo de abogados y procuradores -- Remedios contra el exceso de abogados y procuradores.
650 ## - PUNTO DE ACCESO ADICIONAL DE MATERIA--TÉRMINO DE MATERIA
Descriptor Derecho
9 (RLIN) 739
650 ## - PUNTO DE ACCESO ADICIONAL DE MATERIA--TÉRMINO DE MATERIA
Descriptor Abogados-profesión
9 (RLIN) 9813
650 ## - PUNTO DE ACCESO ADICIONAL DE MATERIA--TÉRMINO DE MATERIA
Descriptor Italia
9 (RLIN) 2273
942 ## - ELEMENTOS DE PUNTO DE ACCESO ADICIONAL (KOHA)
Fuente de clasificación
Tipo de item Libros-BMC
945 ## - PROCESAMIENTO DE INFORMACIÓN LOCAL (OCLC)
Catalogador zta
Holdings
Estado de retiro (separado) Fuente de clasificación o esquema de estanterías Estado dañado Ubicación Sala donde se ubica Nombre de la colección Fecha de adquisición o compra Costo, precio normal en soles Signatura topográfica Código de Barras Última vez visto (Koha) Tipo de ítem (Koha)
No     Sala Humanidades Sala Humanidades Book Cart 2019-03-05 18.00 340.7 / C17 SH0000003215 2019-03-05 Libros-BMC
No     Sala Humanidades Sala Humanidades Book Cart 2019-05-06 18.00 340.7 / C17 / e.2 SH0000011921 2019-05-06 Libros-BMC

Powered by Koha